| 000 | 00608nam a2200241Ia 4500 | ||
|---|---|---|---|
| 003 | OSt | ||
| 005 | 20221007070616.0 | ||
| 006 | a|||||r|||| 00| 0 | ||
| 007 | ta | ||
| 008 | 221006b |||||||| |||| 00| 0 eng d | ||
| 024 | _a43,106 | ||
| 037 | _cTextual | ||
| 040 |
_aFLL _cFLL _beng |
||
| 041 |
_2eng _aeng |
||
| 082 | _aZ3,98:12, Q4 | ||
| 100 |
_aKelly _9687517 |
||
| 245 | 0 | _aLegal precedents with C.D. | |
| 250 | _a21st | ||
| 260 |
_aGurgaon _bLexisNexis India _c2014 |
||
| 300 |
_acxvii,1576p _ccm. |
||
| 942 |
_hZ3,98:12, Q4 _cTEXL _2CC |
||
| 999 |
_c1141026 _d1141026 |
||